Bezpečná práce u plynových zařízení

Podrobná bibliografia
Hlavný autor: Přibyla, Zdeněk, 1943- (Autor)
Médium: Kniha
Jazyk:neznámy jazyk
Fyzický popis:171 s.
Vydavateľské údaje: Praha Práce 1986

MARC

LEADER 00000nam a2200000 a 4500
001 vtls001271191
003 SK-MaSNL
005 20260301113139.0
008 240318s1986 xx 0 und
035 |a SNK000222295 
040 |a SNK  |b slo  |c SNK  |e AACR2 
100 1 |a Přibyla, Zdeněk,  |d 1943-  |4 aut  |9 9805 
245 1 0 |a Bezpečná práce u plynových zařízení 
260 |a Praha  |b Práce  |c 1986 
300 |a 171 s. 
958 |a OND 
999 |c 712969  |d 714899 
952 |t P60, <04>, [BOOK], {604}  |a SNK  |b SNK  |y VYP  |7 0  |p 17A0030247  |o snkIC 103821 D1  |0 0  |1 1  |4 0  |d 1997-01-08  |l 0  |r 2005-01-01 00:00:00  |w 2026-02-23